| 000 | 00563nam a2200229Ia 4500 | ||
|---|---|---|---|
| 005 | 20251020182441.0 | ||
| 008 | 200515s9999 xx 000 0 und d | ||
| 020 | _a978-84-96920-93-4 | ||
| 082 | _a528.77/C93 | ||
| 100 | _aCueli López, Jorge Tomás | ||
| 245 | 0 | _aFotogrametría práctica : Tutorial Photomodeler | |
| 260 | _aCantabria | ||
| 260 | _bTANTIN | ||
| 260 | _c[s.a] | ||
| 300 | _a355 p. | ||
| 300 | _bil., tbl., graf., col. | ||
| 500 | _a1 ejemplar | ||
| 650 | _aFOTOGRAMETRIA | ||
| 650 | _aPHOTOMODELER | ||
| 942 | _cLIB | ||
| 999 |
_c551 _d551 |
||